000 00494nam a2200145Ia 4500
008 151213s9999 xx 000 0 und d
100 _aঅর্থার মিলার।
245 _aসবাই আমার ছেলে।
_cঅর্থার মিলার।
260 _aঢাকা
_bবাংলা একাডেমী।
_c1996
300 _a8790 p.
650 _aBangla
650 _aউপন্যাস
700 _aঅর্থার মিলার।
999 _c4575
_d4575